Amazon Rainforest Countries Quiz Stats

Quiz Updated Feb 24, 2016

Challenge
Share
Tweet
Embed
Score 0/9 Timer 00:30
1 Play Today
Country % Correct
Brazil
98.8%
Peru
82.3%
Colombia
78.9%
Venezuela
73%
Bolivia
69.8%
Ecuador
65.8%
Suriname
65%
Guyana
63.2%
France (French Guiana)
30.1%

You're not logged in!

Compare scores with friends on all Sporcle quizzes.
Join for Free
OR
Log In

You Might Also Like...

Show Comments

Extras

Top Quizzes Today


Score Distribution

Your Account Isn't Verified!

In order to create a playlist on Sporcle, you need to verify the email address you used during registration. Go to your Sporcle Settings to finish the process.

Report this User

Report this user for behavior that violates our Community Guidelines.

Details: